| 000 | 00433nam a22001697a 4500 | ||
|---|---|---|---|
| 003 | SGT | ||
| 020 | _a9789382219262 | ||
| 082 |
_a614.44 _bP25P |
||
| 100 | _aPARK.K | ||
| 245 | _aPARK'S TEXT BOOK OF PREVENTIVE AND SOCIAL MEDICINE | ||
| 250 | _a28TH | ||
| 260 |
_aJABALPUR _bBANARSI DAS BHANOT PUB. _c2025 |
||
| 300 | _a1060 | ||
| 650 | _aPREVENTIVE MEDICINE | ||
| 653 | _aPARK'S, PREVENTIVE, SOCIAL, MEDICINE | ||
| 942 |
_2ddc _cBK |
||
| 999 |
_c34747 _d34747 |
||